000 nam a22 7a 4500
999 _c336796
_d336796
003 IT-MiCISF
005 20171013121815.0
008 171013b xxu||||| |||| 00| 0 eng d
040 _aIT-MiCISF
_cIT-MiCISF
041 _ait
100 _aFogliazza Gianmarco
_956600
210 _aLemà Sabactàni?
222 _a22824111
245 _aIl paradigma di Emmaus
260 _c2014
300 _app. 1-99
310 _asemestrale
362 _an. 14
500 _aadozione, bibbia
650 _aadozione-affido
_956263
654 _arivista
700 _aGriffini M.
_aPezzoli P.
_aMonti S.
_aFraccaro A.
_aChiodi M.
_aBolis E.
_956601
942 _2ddc
_cCR